Kanye West Charting Songs (Billboard Hot Rap / R&B) - Statistics

General Stats
  • This quiz has been taken 131 times
    105 since last reset
  • The average score is 41 of 152
Answer Stats
Album Weeks On Peak Artist(s) Song % Correct
Late Registration 32 Weeks #1 Kanye West ft. Jamie Foxx Gold Digger
95%
Watch the Throne 45 Weeks #1 Jay-Z & Kanye West Niggas in Paris
87%
My Beautiful Dark Twisted Fantasy 17 Weeks #30 Kanye West ft. Pusha T Runaway
78%
Watch the Throne 25 Weeks #2 Jay-Z & Kanye West ft. Otis Redding Otis
73%
Kamikaze and The College Dropout 26 Weeks #1 Twista ft. Kanye West & Jamie Fox Slow Jamz
71%
Yeezus 15 Weeks #3 Kanye West Bound 2
70%
My Beautiful Dark Twisted Fantasy 42 Weeks #2 Kanye West All of the Lights
67%
DONDA 17 Weeks #1 Kanye West Hurricane
67%
The College Dropout 28 Weeks #4 Kanye West ft. Syleena Johnson All Falls Down
66%
808s & Heartbreak 27 Weeks #4 Kanye West Heartless
66%
Non-Album Single 22 Weeks #1 Rihanna, Kanye West & Paul McCartney FourFiveSeconds
65%
Graduation 32 Weeks #3 Kanye West ft. T-Pain Good Life
63%
My Beautiful Dark Twisted Fantasy 20 Weeks #22 Kanye West POWER
63%
Ye 2 Weeks #11 Kanye West ft. PARTYNEXTDOOR Ghost Town
61%
Ye 2 Weeks #16 Kanye West Violent Crimes
60%
The College Dropout 29 Weeks #8 Kanye West Through the Wire
59%
JESUS IS KING 6 Weeks #3 Kanye West Follow God
57%
Music Inspired by More than a Game and Relapse: Refill 26 Weeks #2 Drake ft. Kanye West, Lil Wayne & Eminem Forever
57%
Cruel Summer 41 Weeks #1 Kanye West, Big Sean, Pusha T & 2 Chainz Mercy
55%
DONDA 5 Weeks #7 Kanye West Moon
55%
Graduation 27 Weeks #12 Kanye West ft. Dwele Flashing Lights
54%
The College Dropout 40 Weeks #2 Kanye West Jesus Walks
54%
DONDA 3 Weeks #3 Kanye West Jail
53%
DONDA 4 Weeks #4 Kanye West Off the Grid
50%
DONDA 14 Weeks #10 Kanye West Praise God
50%
Ye 9 Weeks #9 Kanye West All Mine
49%
Graduation 20 Weeks #30 Kanye West Stronger
49%
Non-Album Single 13 Weeks #5 Kanye West & Lil Pump I Love It
48%
Yeezus 11 Weeks #21 Kanye West Black Skinhead
47%
The Life of Pablo 20 Weeks #13 Kanye West Famous
47%
Honest 18 Weeks #26 Future ft. Kanye West I Won
46%
My Beautiful Dark Twisted Fantasy 20 Weeks #30 Kanye West ft. Jay-Z, Rick Ross, Bon Iver & Nicki Minaj Monster
46%
The Life of Pablo 28 Weeks #14 Kanye West Father Stretch My Hands Pt. 1
43%
Donda (Deluxe Edition) 1 Week #47 Kanye West & Andre 3000 Life of the Party
43%
Watch the Throne 20 Weeks #31 Jay-Z & Kanye West ft. Frank Ocean No Church in the Wild
42%
Yeezus 1 Week #38 Kanye West On Sight
42%
Graduation 7 Weeks #53 Kanye West ft. Chris Martin Homecoming
41%
Late Registration 20 Weeks #23 Kanye West ft. Lupe Fiasco Touch the Sky
41%
Ye 4 Weeks #7 Kanye West Yikes
41%
The Life of Pablo 4 Weeks #18 Kanye West Pt. 2
38%
Graduation 25 Weeks #20 Kanye West Can't Tell Me Nothing
37%
Donda 2 and Look At Me: The Album 10 Weeks #5 Kanye West & XXXTENTACION True Love
37%
Ye 2 Weeks #14 Kanye West ft. PARTYNEXTDOOR Wouldn't Leave
37%
Graduation 2 Weeks #99 Kanye West Champion
36%
Ye 1 Week #17 Kanye West I Thought About Killing You
36%
The Life of Pablo 3 Weeks #24 Kanye West Waves
35%
JESUS IS KING 2 Weeks #12 Kanye West On God
34%
The Life of Pablo 3 Weeks #22 Kanye West Ultralight Beam
34%
The Life of Pablo 2 Weeks #39 Kanye West Wolves
34%
Yeezus 5 Weeks #27 Kanye West Blood on the Leaves
32%
The Life of Pablo 13 Weeks #12 Kanye West Fade
32%
DONDA 2 Weeks #6 Kanye West Junya
32%
Ye 1 Week #21 Kanye West No Mistakes
32%
JESUS IS KING 1 Week #20 Kanye West ft. Clipse & Kenny G Use This Gospel
32%
God Did 1 Week #14 DJ Khaled ft. Kanye West & Eminem Use This Gospel (Remix)
32%
JESUS IS KING 2 Weeks #8 Kanye West Closed on Sunday
30%
Late Registration 20 Weeks #17 Kanye West ft. Adam Levine Heard Em Say
30%
Yeezus 3 Weeks #17 Kanye West New Slaves
29%
DONDA 2 Weeks #5 Kanye West Ok Ok
29%
JESUS IS KING 1 Week #25 Kanye West ft. Ant Clemons Water
28%
Late Registration 1 Week #6 Kanye West ft. Cam'ron & Consequence Gone
27%
Yeezus 2 Weeks #37 Kanye West I Am a God
27%
The Blueprint 3 20 Weeks #3 Jay-Z, Rihanna & Kanye West Run This Town
27%
808s & Heartbreak 19 Weeks #26 Kanye West Love Lockdown
26%
JESUS IS KING 2 Weeks #10 Kanye West Selah
26%
808s & Heartbreak 7 Weeks #65 Kanye West ft. Jeezy Amazing
25%
Shine 20 Weeks #55 Estelle ft. Kanye West American Boy
25%
Yeezus 2 Weeks #32 Kanye West Hold My Liquor
25%
DONDA 1 Week #20 Kanye West Remote Control
25%
DONDA 2 and B.I.B.L.E. 17 Weeks #15 Fivio Foreign, Kanye West & Alicia Keys City of Gods
24%
Late Registration 20 Weeks #21 Kanye West Diamonds from Sierra Leone
23%
Donda 2 5 Weeks #13 The Game & Kanye West Eazy
23%
Yeezus 1 Week #43 Kanye West I'm In It
23%
JESUS IS KING 1 Week #31 Kanye West Jesus is Lord
23%
DONDA 1 Week #25 Kanye West Pure Souls
23%
Yeezus 1 Week #50 Kanye West Send It Up
23%
Non-Album Single 18 Weeks #6 Kanye West ft. Theophilus London, Allan Kingdom & Paul McCartney All Day
22%
The Life of Pablo 3 Weeks #30 Kanye West FML
22%
DONDA 1 Week #21 Kanye West Heaven & Hell
22%
DONDA 2 Weeks #14 Kanye West Jonah
22%
The Life of Pablo 2 Weeks #34 Kanye West Real Friends
22%
The College Dropout 21 Weeks #59 Kanye West The New Workout Plan
22%
DONDA 1 Week #31 Kanye West Jail, Pt. 2
21%
DONDA 2 Weeks #13 Kanye West Jesus Lord
21%
Cruel Summer 7 Weeks #43 Pusha T & Kanye West New God Flow
21%
Non-Album Single 11 Weeks #11 Kanye West ft. Paul McCartney Only One
21%
JESUS IS KING 1 Week #17 Kanye West ft. Ty Dolla $ign & Ant Clemons Everything We Need
20%
Whole Lotta Red 1 Week #30 Playboi Carti ft. Kanye West Go2DaMoon
20%
DONDA 1 Week #17 Kanye West God Breathed
20%
The Life of Pablo 1 Week #48 Kanye West I Love Kanye
20%
Cruel Summer 25 Weeks #2 Kanye West, Jay-Z & Big Sean Clique
18%
The Life of Pablo 2 Weeks #36 Kanye West Feedback
18%
The Life of Pablo 1 Week #41 Kanye West Highlights
18%
Non-Album Single 14 Weeks #7 Cardi B, Ye & Lil Durk Hot Shit
18%
We All Shine 20 Weels #19 YNW Melly ft. Kanye West Mixed Personalities
18%
DONDA 1 Week #32 Kanye West New Again
18%
Faith 2 Weeks #16 Pop Smoke ft. Kanye West & Pusha T Tell the Vision
18%
DONDA 1 Week #40 Kanye West Tell the Vision
18%
DONDA 2 Weeks #15 Kanye West Believe What I Say
17%
The Life of Pablo 1 Week #43 Kanye West Freestyle 4
17%
Non-Album Single 2 Weeks #20 Kanye West ft. Travi$ Scott Wash Us in the Blood
17%
Non-Album Single 5 Weeks #9 Travi$ Scott ft. Lil Uz Vert & Kanye West Watch
17%
Watch the Throne 20 Weeks #24 Jay-Z & Kanye West H*A*M
16%
JESUS IS KING 1 Week #29 Kanye West ft. Fred Hammond Hands On
16%
Teenage Dream: The Complete Confection 6 Weeks #83 Katy Perry ft. Kanye West E.T.
15%
I NEVER LIKED YOU 2 Weeks #10 Future ft. Kanye West KEEP IT BURNIN
14%
DONDA 1 Week #33 Kanye West Lord I Need You
14%
Cruel Winter 7 Weeks #22 Kanye West, Gucci Mane, Big Sean, 2 Chainz, Travi$ Scott, Yo Gotti, Quavo, Desiigner Champions
13%
DONDA 1 Week #28 Kanye West Keep My Spirit Alive
12%
Watch the Throne 20 Weeks #14 Jay-Z & Kanye West Gotta Have It
11%
Blank Face LP 20 Weeks #13 ScHoolboy Q ft. Kanye West THat Part
11%
DAYTONA 1 Week #37 Pusha T ft. Kanye West What Would Meek Do?
10%
More Life 2 Weeks #30 Drake ft. Kanye West Glow
9%
Views 20 Weeks #4 Drake ft. Jay-Z & Kanye West Pop Style
8%
It's Almost Dry 1 Week #28 Pusha T ft. Kanye West Dreamin' of the Past
7%
In a Perfect World... 30 Weeks #1 Keri Hilson ft. Kanye West & Ne-Yo Knock You Down
7%
Cruel Summer 2 Weeks #35 Kanye West & R. Kelly To the World
7%
Coloring Book 1 Week #45 Chance The Rapper ft. Kanye West & Chicago Children's Choir All We Got
5%
Dark Sky Paradise 3 Weeks #28 Big Sean ft. Kanye West All Your Fault
5%
Based on a T.R.U. Story 25 Weeks #10 2 Chainz ft. Kanye West Birthday Song
5%
D.O.D. 18 Weeks #63 Do or Die & Kanye West Higher
5%
Mission Impossible III 16 Weeks #54 Kanye West ft. Twista, Keyshia Cole & BJ Impossible
5%
Man on the Moon: The End of Day 13 Weeks #39 Kid Cudi ft. Kanye West & Common Make Her Say
5%
The Recession 36 Weeks #3 Young Jeezy ft. Kanye West Put On
5%
Paper Trail 23 Weeks #11 Jay-Z & T.I. ft. Kanye West & Lil Wayne Swagga Like Us
5%
DUMMY BOY 4 Weeks #18 6ix9ine ft. Kanye West & Nicki Minaj MAMA
4%
Finally Famous 31 Weeks #1 Big Sean ft. Kanye West & Roscoe Dash Marvin & Chardonnay
4%
Dark Sky Paradise 18 Weeks #27 Big Sean ft. Kanye West & John Legend One Man Can Change the World
4%
Detroit Deli (A Taste of Detroit) 20 Weeks #20 Slum Village ft. Kanye West & John Legend Selfish
4%
Teflon Don 1 Week #89 Rick Ross ft. Kanye West Live Fast, Die Young
3%
It's Almost Dry 1 Week #25 Pusha T ft. Kanye West & Kid Cudi Rock N Roll
3%
Everybody Looking 1 Week #31 Gucci Mane ft. Kanye West Pussy Print
2%
Neighborhood Watch 20 Weeks #41 Dilated Peoples ft. Kanye West This Way
2%
Doctor's Advocate 20 Weeks #26 The Game ft. Kanye West Wouldn't Get Far
2%
Purple Haze 20 Weeks #29 Cam'Ron ft. Kanye West & Syleena Johnson Down and Out
1%
So Help Me God! 1 Week #50 2 Chainz ft. Kanye West & Brent Faiyaz Feel a Way
1%
We Global 16 Weeks #53 DJ Khaled ft. Kanye West & T-Pain Go Hard
1%
Kiss the Ring 15 Weeks #37 D Khaled ft. Kanye West & Rick Ross I Wish You Would
1%
Deeper Than Rap 10 Weeks #54 Rick Ross ft. Kanye West, T-Pain & Lil Wayne Maybach Music 2
1%
Get Lifted 15 Weeks #40 Pharrell ft. Kanye West Number One
1%
Non-Album Single 5 Weeks #81 Fat Joe ft. Kanye West, Miguel, Jadakiss, Mos Def, DJ Khaled, Roscoe Dash & Busta Rhymes Pride 'N' Joy
1%
Mastermind 4 Weeks #23 Rick Ross ft. Kanye West Sanctified
1%
Afrodisiac 20 Weeks #16 Brandy ft. Kanye West Talk About Our Love
1%
Love vs. Money 19 Weeks #38 The-Dream ft. Kanye West Walkin' on the Moon
1%
The Gospel According to Patti LaBelle 6 Weeks #64 Patti LaBelle ft. Mary Mary with Kanye West & Consequence Anything
0%
Nasir 1 Week #49 Nas ft. Kanye West Cop Shot the Kid
0%
Unpredictable 12 Weeks #52 Jamie Foxx ft. Kanye West Extravaganza
0%
BitchImTheShit2 1 Week #48 Tyga ft. Kanye West Feel It
0%
Non-Album Single 5 Weeks #80 DJ Felli Fel ft. Kanye West, Jermaine Dupri, Fabolous & Ne-Yo Finer Things
0%
Subject 17 Weeks #53 Dwelle ft. Kanye West Hold On
0%
H.F.M. 2 (Hunger for More 2) 20 Weeks #52 Lloyd Banks ft. Kanye West, Swizz Beatz, Fabolous & Ryan Leslie Start It Up
0%
Cruel Summer 15 Weeks #69 Kanye West ft. DJ Khaled Way Too Cold
0%
No matching quizzes found
Score Distribution
Percent of People with Each Score
Percentile by Number Answered
Your Score History
You have not taken this quiz since the last reset